Đăm di đi săn Thơ ca dân gian Tây Nguyên

保存先:
書誌詳細
フォーマット: 図書
言語:Undetermined
出版事項: Hà Nội Văn hóa 1979
主題:
タグ: タグ追加
タグなし, このレコードへの初めてのタグを付けませんか!
Thư viện lưu trữ: Trung tâm Học liệu Trường Đại học Cần Thơ
LEADER 00430nam a2200157Ia 4500
001 CTU_10779
008 210402s9999 xx 000 0 und d
082 |a 398.9495 
082 |b Đ114 
245 0 |a Đăm di đi săn 
245 0 |b Thơ ca dân gian Tây Nguyên 
260 |a Hà Nội 
260 |b Văn hóa 
260 |c 1979 
650 |a vietnamese poetry 
980 |a Trung tâm Học liệu Trường Đại học Cần Thơ